000 00400nam a22001697a 4500
005 20160601104252.0
008 160601b xxu||||| |||| 00| 0 eng d
020 _a978-0-07-015364-6
041 _aeng
082 _b6626
100 _aGupta, N Srinivasa and others
_91641
245 _aTotal Quality Management
260 _bTMH
_c2009
300 _a212
650 _aManagement
_9241
942 _cBK
999 _c2315
_d2314